Free markets and justice : (Record no. 9778)

MARC details
000 -LEADER
fixed length control field 00752nam a22002172 4500
001 - CONTROL NUMBER
control field 0000023279
005 - DATE AND TIME OF LATEST TRANSACTION
control field 20151217152239.0
008 - FIXED-LENGTH DATA ELEMENTS--GENERAL INFORMATION
fixed length control field 121019s xx 000 0 eng d
040 ## - CATALOGING SOURCE
Original cataloging agency KABU
Transcribing agency KABU
245 10 - TITLE STATEMENT
Title Free markets and justice :
Remainder of title why Africa has suffered under socialism and would flourish under free markets /
Statement of responsibility, etc. edited by Tom G. Palmer.
250 ## - EDITION STATEMENT
Edition statement 1st ed.
260 ## - PUBLICATION, DISTRIBUTION, ETC. (IMPRINT)
Place of publication, distribution, etc. Oshodi, Nigeria :
Name of publisher, distributor, etc. AfricanLiberty.org,
Date of publication, distribution, etc. 2012.
300 ## - PHYSICAL DESCRIPTION
Extent xii, 129 p.
650 #0 - SUBJECT ADDED ENTRY--TOPICAL TERM
Topical term or geographic name as entry element Capitalism.
-- 0000150034
650 #0 - SUBJECT ADDED ENTRY--TOPICAL TERM
Topical term or geographic name as entry element Liberty.
-- 0000053025
700 1# - ADDED ENTRY--PERSONAL NAME
Personal name Palmer, Tom G.
-- 0000182627
852 1# - LOCATION
-- p400 KES
852 1# - LOCATION
-- p400 KES
908 ## - PUT COMMAND PARAMETER (RLIN)
Put command parameter 121019
950 ## - LOCAL HOLDINGS (RLIN)
-- 1
Holdings
Withdrawn status Lost status Source of classification or shelving scheme Not for loan Home library Current library Date acquired Total Checkouts Full call number Barcode Date last seen Price effective from Koha item type Date last checked out
    Library of Congress Classification   Kabarak, Main Campus Kabarak, Main Campus 17/12/2015   HB501 .F74 2012 c. 1 013720 02/08/2024 17/12/2015 General Collection  
    Library of Congress Classification   Kabarak, Main Campus Kabarak, Main Campus 17/12/2015 2 HB501 .F74 2012 c. 2 013731 10/09/2025 17/12/2015 General Collection 10/09/2025
Designed with assistance from East African Informatics Ltd